| 000 | 01392cam a2200373 a 4500 | ||
|---|---|---|---|
| 999 |
_c530161 _d530161 |
||
| 001 | 15700303 | ||
| 003 | NUST | ||
| 005 | 20191011124231.0 | ||
| 008 | 090415s2009 fluab b 011 0 eng | ||
| 010 | _a 2009015404 | ||
| 015 |
_aGBA945159 _2bnb |
||
| 016 | 7 |
_a015175540 _2Uk |
|
| 020 | _a9781439802526 (hbk. : alk. paper) | ||
| 020 | _a1439802521 (hbk. : alk. paper) | ||
| 035 | _a(OCoLC)ocn259265450 | ||
| 038 | _aMSOHAIL | ||
| 040 |
_aDLC _cDLC _dBTCTA _dYDXCP _dUKM _dC#P _dBWX _dCDX _dDLC |
||
| 050 | 0 | 0 |
_aHT166 _b.N437 2009 |
| 082 | 0 | 0 |
_a307.1216 _222 |
| 245 | 0 | 0 |
_aNew frontiers in urban analysis : _bin honor of Atsuyuki Okabe / _cedited by Yasushi Asami, Yukio Sadahiro, Toru Ishikawa. |
| 260 |
_aBoca Raton : _bCRC Press, _cc2009. |
||
| 300 |
_axviii, 253 p. : _bill., maps ; _c25 cm. |
||
| 504 | _aIncludes bibliographical references and indexes. | ||
| 650 | 0 |
_aCity planning. _9808 |
|
| 650 | 0 |
_aLand use, Urban. _923549 |
|
| 650 | 0 |
_aSpatial analysis (Statistics) _920641 |
|
| 700 | 1 |
_aAsami, Yasushi, _d1960- _923550 |
|
| 700 | 1 |
_aSadahiro, Yukio, _d1966- _923551 |
|
| 700 | 1 |
_aIshikawa, Toru, _d1971- _923552 |
|
| 700 | 1 |
_aOkabe, Atsuyuki, _d1945- _923553 |
|
| 906 |
_a7 _bcbc _corignew _d1 _eecip _f20 _gy-gencatlg |
||
| 942 |
_2ddc _cBK |
||